[Event "POL-chT U19 1st League"]
[Site "Maslow Pierwszy"]
[Date "2014.08.01"]
[Round "8"]
[White "Cichocka, Urszula"]
[Black "Dmochowska, Agnieszka"]
[Result "0-1"]
[WhiteElo "1730"]
[BlackElo "1876"]
[PlyCount "192"]
[EventDate "2014.07.25"]
[EventType "team-tourn"]
[EventRounds "9"]
[EventCountry "POL"]
[SourceTitle "EXT 2015"]
[Source "ChessBase"]
[SourceDate "2014.11.20"]
[SourceVersion "1"]
[SourceVersionDate "2014.11.20"]
[SourceQuality "1"]
[WhiteTeam "Grzybowo GKSz Solny U19"]
[BlackTeam "Wroclaw MUKS MDK Srodmiescie U19"]
[WhiteTeamCountry "POL"]
[BlackTeamCountry "POL"]

1. e4 c5 2. Nf3 Nc6 3. d4 cxd4 4. Nxd4 Nf6 5. Nc3 e6 6. Nxc6 bxc6 7. Bg5 Qb6 8. Rb1 Bc5 9. Qd2 Ng4 10. Bh4 Qb4 11. a3 Qd4 12. Qxd4 Bxd4 13. Bd3 0-0 14. 0-0 d5 15. exd5 cxd5 16. Nb5 Bb6 17. Rfe1 f6 18. h3 Ne5 19. Bf1 Ng6 20. Bg3 e5 21. Rbd1 Be6 22. Nc3 Rfd8 23. Na4 Ba5 24. b4 Bb6 25. Ba6 Rd7 26. Nc3 Ne7 27. Na4 Nf5 28. Kh2 Rc7 29. c3 Nxg3 30. Kxg3 Bd7 31. b5 Be6 32. Rc1 Ba5 33. Red1 Rc4 34. Nb2 Rxc3+ 35. Rxc3 Bxc3 36. Nd3 e4 37. Nc5 Be5+ 38. f4 exf3+ 39. Kxf3 Bf7 40. Bb7 Rd8 41. Bc6 f5 42. Kf2 g5 43. Nb7 Rc8 44. Bxd5 Rc2+ 45. Kf1 Bg3 46. Nd6 Bxd5 47. Rxd5 Rf2+ 48. Kg1 Rb2 49. Kf1 Rf2+ 50. Kg1 Re2 51. Rd1 f4 52. Nf5 Ra2 53. Nxg3 fxg3 54. Kf1 Rf2+ 55. Kg1 Ra2 56. Kf1 Rxa3 57. Ke2 Kf7 58. Rd5 Kf6 59. Rc5 h5 60. Rd5 h4 61. Rc5 Ra2+ 62. Kf1 Rf2+ 63. Kg1 Ra2 64. Kf1 Kg6 65. Rd5 Rf2+ 66. Kg1 Rb2 67. Kf1 Rb1+ 68. Ke2 Rg1 69. Kf3 Rf1+ 70. Ke3 Rf2 71. Rd7 Rxg2 72. Rxa7 Rb2 73. Ra6+ Kf5 74. b6 Rb1 75. Kf3 Rb3+ 76. Kg2 Kf4 77. Ra4+ Ke3 78. b7 Rb2+ 79. Kg1 Rxb7 80. Ra3+ Ke2 81. Ra2+ Kd3 82. Ra3+ Ke2 83. Ra2+ Kd1 84. Ra1+ Kc2 85. Ra4 Re7 86. Rd4 Re1+ 87. Kg2 Re2+ 88. Kg1 Rh2 89. Rg4 Kd3 90. Rxg5 Ke3 91. Rf5 Rxh3 92. Rf1 Rh2 93. Rf7 Rc2 94. Rf1 h3 95. Rb1 Kd2 96. Rf1 Rc1 0-1

[Event "Olsztyn op U18 blitz"]
[Site "Olsztyn"]
[Date "2013.08.04"]
[Round "22"]
[White "Lach, Aleksandra"]
[Black "Cichocka, Urszula"]
[Result "1-0"]
[WhiteElo "1699"]
[BlackElo "1699"]
[PlyCount "105"]
[EventDate "2013.08.03"]
[EventType "swiss (blitz)"]
[EventRounds "22"]
[EventCountry "POL"]
[SourceTitle "CBM 155 Extra"]
[Source "ChessBase"]
[SourceDate "2013.08.26"]
[SourceVersion "1"]
[SourceVersionDate "2013.08.26"]
[SourceQuality "1"]

1. e4 c5 2. Nf3 d6 3. d4 cxd4 4. Nxd4 Nf6 5. Nc3 a6 6. Bg5 e6 7. f4 Qc7 8. Bxf6 gxf6 9. Qh5 Nc6 10. 0-0-0 Nxd4 11. Rxd4 Qc5 12. Qxc5 dxc5 13. Rd2 Bd7 14. Be2 Bc6 15. Bf3 Be7 16. f5 0-0 17. Bg4 exf5 18. Bxf5 Rad8 19. Nd5 Bd6 20. Nxf6+ Kg7 21. Nh5+ Kh6 22. g4 Rfe8 23. Rhd1 Bc7 24. Rxd8 Rxd8 25. Rd3 Re8 26. Rh3 Kg5 27. Ng3 Bf4+ 28. Kd1 Bxg3 29. hxg3 Bxe4 30. Bxe4 Rxe4 31. Rxh7 Kg6 32. Rh4 Kg5 33. Rh5+ Kxg4 34. Rxc5 Kxg3 35. Rc7 f5 36. Rg7+ Kh2 37. Rf7 f4 38. Kd2 Kg2 39. Kd3 Rb4 40. b3 f3 41. Ke3 Rb6 42. Rg7+ Kf1 43. Kxf3 Ke1 44. Ke3 Kd1 45. c4 Kc2 46. Kd4 Kb2 47. Kc5 Rc6+ 48. Kb4 Kxa2 49. Rxb7 Kb2 50. c5 Kc2 51. Kc4 Kb2 52. b4 Ka3 53. Rb6 1-0

[Event "POL-ch U18 Girls"]
[Site "Szczyrk"]
[Date "2013.??.??"]
[Round "9"]
[White "Bednarczyk, Alicja"]
[Black "Cichocka, Urszula"]
[Result "0-1"]
[WhiteElo "1510"]
[BlackElo "1688"]
[PlyCount "48"]
[EventDate "2013.03.17"]
[EventType "swiss"]
[EventRounds "9"]
[EventCountry "POL"]
[SourceTitle "CBM 153 Extra"]
[Source "ChessBase"]
[SourceDate "2013.04.22"]
[SourceVersion "1"]
[SourceVersionDate "2013.04.22"]
[SourceQuality "1"]

1. e4 e6 2. d4 d5 3. Nd2 Nf6 4. e5 Nfd7 5. Bd3 c5 6. c3 Nc6 7. Ne2 Qb6 8. Nf3 cxd4 9. cxd4 Be7 10. 0-0 0-0 11. b3 f6 12. exf6 Nxf6 13. Re1 e5 14. dxe5 Ng4 15. Rf1 Bc5 16. Ng3 Bxf2+ 17. Kh1 Bxg3 18. hxg3 Nf2+ 19. Rxf2 Qxf2 20. Bxh7+ Kxh7 21. Ng5+ Kg6 22. Qxd5 Rh8+ 23. Nh3 Bxh3 24. e6 Bxg2# 0-1

[Event "POL-ch U18 Girls"]
[Site "Szczyrk"]
[Date "2013.??.??"]
[Round "1"]
[White "Cichocka, Urszula"]
[Black "Wisniowska, Klaudia"]
[Result "0-1"]
[WhiteElo "1688"]
[BlackElo "2187"]
[PlyCount "102"]
[EventDate "2013.03.17"]
[EventType "swiss"]
[EventRounds "9"]
[EventCountry "POL"]
[SourceTitle "CBM 153 Extra"]
[Source "ChessBase"]
[SourceDate "2013.04.22"]
[SourceVersion "1"]
[SourceVersionDate "2013.04.22"]
[SourceQuality "1"]

1. e4 c5 2. Nf3 d6 3. d4 cxd4 4. Nxd4 Nf6 5. Nc3 Nc6 6. Be2 g6 7. 0-0 Bg7 8. Be3 0-0 9. Qd2 a6 10. f4 Bd7 11. Kh1 b5 12. a3 Rc8 13. Nxc6 Bxc6 14. Bf3 Qc7 15. Rad1 a5 16. Rf2 Rb8 17. Nd5 Bxd5 18. exd5 b4 19. axb4 Rxb4 20. Bd4 Rxd4 21. Qxd4 Ng4 22. Qd2 Nxf2+ 23. Qxf2 Bxb2 24. c4 Bg7 25. Qc2 Rb8 26. Qa4 Qc5 27. Be4 Qe3 28. Bd3 Qxf4 29. Rf1 Qd2 30. Bb1 Qb4 31. Qc2 a4 32. Ba2 a3 33. Rb1 Bb2 34. Qe4 Re8 35. Rf1 Qc5 36. Qf3 Rf8 37. Qe4 Be5 38. Qf3 Qb4 39. Rb1 Bb2 40. Qe4 Qd2 41. c5 dxc5 42. Qc4 Qd4 43. Qe2 Qe5 44. Qc4 Qd6 45. Rf1 Kg7 46. Qh4 Bf6 47. Qa4 c4 48. Qxc4 Rb8 49. Rb1 Rxb1+ 50. Bxb1 Qe5 51. Kg1 Qe1+ 0-1

[Event "Gdansk op 14th"]
[Site "Gdansk"]
[Date "2012.07.22"]
[Round "2"]
[White "Cichocka, Urszula"]
[Black "Piesik, Piotr"]
[Result "0-1"]
[WhiteElo "1723"]
[BlackElo "2226"]
[PlyCount "80"]
[EventDate "2012.07.22"]
[EventType "swiss"]
[EventRounds "9"]
[EventCountry "POL"]
[SourceTitle "CBM 149 Extra"]
[Source "ChessBase"]
[SourceDate "2012.08.24"]
[SourceVersion "1"]
[SourceVersionDate "2012.08.24"]
[SourceQuality "1"]

1. e4 Nc6 2. Nf3 d6 3. d4 Bg4 4. Be2 g6 5. d5 Bxf3 6. gxf3 Nb8 7. Nc3 Bg7 8. Be3 c6 9. Bd4 Nf6 10. f4 0-0 11. h4 cxd5 12. Bxf6 Bxf6 13. Nxd5 e6 14. Nxf6+ Qxf6 15. Qc1 Nc6 16. c3 e5 17. fxe5 Qxe5 18. Qc2 Rae8 19. 0-0-0 Qxe4 20. Bd3 Qf4+ 21. Kb1 Ne5 22. Be4 Re7 23. Rd4 Nf3 24. Bxf3 Qxf3 25. Rhd1 Re2 26. Qb3 Rfe8 27. Rxd6 R8e7 28. Rd8+ Kg7 29. Qb4 Qxf2 30. a3 R2e4 31. R1d4 Qxh4 32. Qc5 Rxd4 33. Rxd4 Qe1+ 34. Ka2 b6 35. Qg5 Qe5 36. Qc1 Qe6+ 37. Ka1 Rd7 38. Rh4 h5 39. Rh1 Rd3 40. Qg5 Qd5 0-1

[Event "POL-ch U16 Girls"]
[Site "Murzasichle"]
[Date "2011.03.12"]
[Round "9"]
[White "Cichocka, Urszula"]
[Black "Iwanow, Anna"]
[Result "0-1"]
[WhiteElo "1669"]
[BlackElo "2100"]
[PlyCount "104"]
[EventDate "2011.03.05"]
[EventType "swiss"]
[EventRounds "9"]
[EventCountry "POL"]
[SourceTitle "EXT 2013"]
[Source "ChessBase"]
[SourceDate "2012.11.22"]
[SourceVersion "1"]
[SourceVersionDate "2012.11.22"]
[SourceQuality "1"]

1. d4 Nf6 2. c4 g6 3. Nc3 Bg7 4. e4 0-0 5. Bg5 d6 6. Be2 h6 7. Be3 e5 8. d5 Nbd7 9. Qd2 Kh7 10. h4 Nc5 11. f3 Nh5 12. g4 Nf4 13. 0-0-0 a6 14. Nh3 b5 15. Nxf4 exf4 16. Bd4 Be5 17. cxb5 axb5 18. Bxb5 Rxa2 19. Bxc5 Ra1+ 20. Kc2 Rxd1 21. Qxd1 dxc5 22. h5 Qf6 23. Qd3 Rd8 24. Qc4 Bd4 25. Qa4 Qe5 26. Bc6 Rg8 27. Qb5 Bxc3 28. bxc3 Bxg4 29. hxg6+ Rxg6 30. Qf1 Bxf3 31. Qxf3 Rg3 32. Rh5 Qg7 33. Rxh6+ Qxh6 34. Qf2 Re3 35. Bd7 f3 36. Bf5+ Kh8 37. Qg3 Re2+ 38. Kb3 Qb6+ 39. Kc4 Qa6+ 40. Kxc5 Qb6+ 41. Kc4 Qa6+ 42. Kc5 Qd6+ 43. Qxd6 cxd6+ 44. Kxd6 f2 45. Bh3 Rxe4 46. Kd7 Kg7 47. d6 Re3 48. Bf1 Rxc3 49. Ke7 Re3+ 50. Kd8 Re1 51. Bb5 f1Q 52. Bxf1 Rxf1 0-1

[Event "POL-ch U16 Girls"]
[Site "Murzasichle"]
[Date "2011.03.11"]
[Round "8"]
[White "Leks, Maria"]
[Black "Cichocka, Urszula"]
[Result "0-1"]
[WhiteElo "2100"]
[BlackElo "1669"]
[PlyCount "156"]
[EventDate "2011.03.05"]
[EventType "swiss"]
[EventRounds "9"]
[EventCountry "POL"]
[SourceTitle "EXT 2013"]
[Source "ChessBase"]
[SourceDate "2012.11.22"]
[SourceVersion "1"]
[SourceVersionDate "2012.11.22"]
[SourceQuality "1"]

1. e4 c5 2. Ne2 Nc6 3. Nbc3 Nf6 4. d4 cxd4 5. Nxd4 e5 6. Ndb5 d6 7. Bg5 a6 8. Na3 b5 9. Nd5 Be7 10. Bxf6 Bxf6 11. c4 b4 12. Nc2 a5 13. g3 Bg5 14. Bg2 Be6 15. 0-0 Ne7 16. Nce3 0-0 17. Nxe7+ Qxe7 18. Nd5 Qb7 19. f4 Bxd5 20. exd5 Bf6 21. Qc2 Rac8 22. Kh1 Qc7 23. Rac1 exf4 24. gxf4 Rfe8 25. Bh3 Rcd8 26. Bf5 h6 27. Rf3 Re7 28. Bd3 Rde8 29. Qf2 Qa7 30. c5 dxc5 31. d6 Re6 32. Bb5 Bd4 33. Qh4 Bf6 34. Qf2 Bd4 35. Qg3 Rd8 36. d7 Rxd7 37. Bxd7 Qxd7 38. f5 Rf6 39. Qf4 Qd5 40. Re1 Kh7 41. b3 Qc6 42. Qe4 Qxe4 43. Rxe4 g6 44. fxg6+ Kxg6 45. Rg4+ Kh5 46. Rxf6 Bxf6 47. Rg3 Be5 48. Rg8 Kh4 49. Kg2 h5 50. Rf8 f6 51. Rg8 Bd4 52. Kf3 Be5 53. Rg2 Kh3 54. Rc2 Bd4 55. Kf4 Kh4 56. Kf5 Kh3 57. Rd2 Be5 58. Kg6 Kg4 59. Rd5 Bxh2 60. Rxh5 Be5 61. Rf5 Bd4 62. Rf1 Be5 63. Kf7 Kg5 64. Ke6 Bd4 65. Rf5+ Kg4 66. Rd5 Kf4 67. Rd7 Ke4 68. Rf7 Kd3 69. Kd5 Ke3 70. Re7+ Kf3 71. Ke6 Kf4 72. Ra7 c4 73. Re7 c3 74. Rc7 Ke3 75. Kd5 Be5 76. Rg7 c2 77. Rg1 Kd2 78. Rg2+ Kc3 0-1

[Event "POL-ch U16 Girls"]
[Site "Murzasichle"]
[Date "2011.03.09"]
[Round "6"]
[White "Cyboran, Katarzyna"]
[Black "Cichocka, Urszula"]
[Result "1/2-1/2"]
[WhiteElo "1807"]
[BlackElo "1669"]
[PlyCount "121"]
[EventDate "2011.03.05"]
[EventType "swiss"]
[EventRounds "9"]
[EventCountry "POL"]
[SourceTitle "EXT 2013"]
[Source "ChessBase"]
[SourceDate "2012.11.22"]
[SourceVersion "1"]
[SourceVersionDate "2012.11.22"]
[SourceQuality "1"]

1. e4 c5 2. Nf3 Nc6 3. Bb5 e6 4. 0-0 d6 5. c3 Be7 6. d4 cxd4 7. cxd4 a6 8. Bxc6+ bxc6 9. Nc3 Nf6 10. Re1 Nd7 11. d5 cxd5 12. exd5 e5 13. a4 a5 14. b3 0-0 15. Ba3 Ba6 16. Rc1 f5 17. Nd2 Nb6 18. Qc2 Rc8 19. Qa2 Qd7 20. Ne2 Kh8 21. f4 e4 22. Nc3 Bb7 23. Nc4 Nxd5 24. Nxd5 Bxd5 25. Nb6 Qa7 26. Qf2 Rxc1 27. Bxc1 Bxb3 28. Be3 Qb7 29. Rb1 Bxa4 30. Qa2 Be8 31. Qxa5 Qc6 32. Nd5 Bf6 33. Qd2 Qd7 34. h3 h6 35. Kh2 Bh5 36. Rc1 Bd8 37. Ra1 Bf7 38. Ra7 Qe6 39. Nc3 Bf6 40. Nb5 d5 41. Bc5 Rc8 42. Nc7 Qc6 43. Qa5 Bd8 44. Bb6 Qc1 45. Ra8 Rxa8 46. Qxa8 Qxf4+ 47. Kh1 Qd6 48. Nxd5 Qxd5 49. Qxd8+ Qxd8 50. Bxd8 g6 51. Bf6+ Kg8 52. Kg1 Kf8 53. Kf2 Ke8 54. Bg7 h5 55. Bh6 Ke7 56. h4 Kf6 57. g3 Ke5 58. Ke3 f4+ 59. gxf4+ Kf5 60. Bg5 Bd5 61. Be7 1/2-1/2

[Event "POL Region-ch U15 Girls"]
[Site "Lochow"]
[Date "2010.10.26"]
[Round "3.1"]
[White "Kadziela, Agnieszka"]
[Black "Cichocka, Urszula"]
[Result "1/2-1/2"]
[WhiteElo "1423"]
[BlackElo "1650"]
[PlyCount "58"]
[EventDate "2010.10.23"]
[EventType "swiss"]
[EventRounds "4"]
[EventCountry "POL"]
[SourceTitle "EXT 2023"]
[Source "ChessBase"]
[SourceDate "2022.10.05"]
[SourceVersion "1"]
[SourceVersionDate "2022.10.05"]
[SourceQuality "1"]

1. d4 d5 2. c4 e5 3. e3 dxc4 4. Nf3 exd4 5. Nxd4 c5 6. Nf3 Qxd1+ 7. Kxd1 Be6 8. Ng5 b5 9. Nxe6 fxe6 10. Be2 Nc6 11. Bf3 Rd8+ 12. Ke2 Ne5 13. Be4 Nf6 14. Bc2 Be7 15. Nc3 a6 16. Bd2 Nd3 17. b3 Nb4 18. Bb1 cxb3 19. axb3 Rd6 20. Ne4 Nxe4 21. Bxe4 Nd5 22. Rhc1 Rb6 23. Ba5 Rb8 24. Bd2 Rb6 25. Ba5 Rc6 26. Bd2 b4 27. Bxb4 Nxb4 28. Bxc6+ Nxc6 29. Rxa6 Nd8 1/2-1/2

[Event "POL-ch U14 Girls"]
[Site "Sekocin Stary"]
[Date "2010.05.03"]
[Round "5"]
[White "Cichocka, Urszula"]
[Black "Skoczek, Karolina"]
[Result "1-0"]
[WhiteElo "1650"]
[BlackElo "1583"]
[PlyCount "55"]
[EventDate "2010.05.01"]
[EventType "swiss"]
[EventRounds "10"]
[EventCountry "POL"]
[SourceTitle "EXT 2011"]
[Source "ChessBase"]
[SourceDate "2010.11.26"]
[SourceVersion "1"]
[SourceVersionDate "2010.11.26"]
[SourceQuality "1"]

1. e4 c6 2. d4 d5 3. e5 Bf5 4. h4 h6 5. g4 Bh7 6. e6 fxe6 7. Bd3 Bxd3 8. Qxd3 Kd7 9. Nf3 Qe8 10. Ne5+ Kc8 11. Ng6 Rh7 12. Nxf8 Qxf8 13. Qxh7 Nf6 14. Qg6 Nbd7 15. Be3 b6 16. g5 Ne4 17. Nd2 Nd6 18. Qxe6 Kc7 19. 0-0-0 Qf7 20. Qxf7 Nxf7 21. gxh6 gxh6 22. Bf4+ Kb7 23. Rde1 Re8 24. Rhg1 h5 25. Rg7 Nd8 26. Rexe7 Rxe7 27. Rxe7 Kc8 28. Re8 1-0

[Event "POL-ch U14 Girls"]
[Site "Sekocin Stary"]
[Date "2010.05.02"]
[Round "3"]
[White "Rogacka, Natalia"]
[Black "Cichocka, Urszula"]
[Result "0-1"]
[WhiteElo "1479"]
[BlackElo "1650"]
[PlyCount "124"]
[EventDate "2010.05.01"]
[EventType "swiss"]
[EventRounds "10"]
[EventCountry "POL"]
[SourceTitle "EXT 2011"]
[Source "ChessBase"]
[SourceDate "2010.11.26"]
[SourceVersion "1"]
[SourceVersionDate "2010.11.26"]
[SourceQuality "1"]

1. e4 e6 2. d4 d5 3. Nc3 Nf6 4. Bg5 Be7 5. e5 Nfd7 6. h4 a6 7. Qg4 Bxg5 8. hxg5 c5 9. g6 f5 10. exf6 Nxf6 11. Qf4 h6 12. Nf3 cxd4 13. Nxd4 Nc6 14. Qd2 Bd7 15. 0-0-0 Nxd4 16. Qxd4 Qc7 17. Re1 0-0-0 18. Bd3 Kb8 19. Re2 Rhe8 20. Rhe1 Rc8 21. Qb4 Ka8 22. Na4 Bxa4 23. Qxa4 e5 24. Bf5 Rcd8 25. Qb3 e4 26. Qb4 Qf4+ 27. Kb1 Qxf5 28. Qd4 Qe5 29. Qxe5 Rxe5 30. b3 d4 31. Kb2 Red5 32. Rd2 Rg5 33. g3 Rxg6 34. Red1 Rg5 35. Rxd4 Rxd4 36. Rxd4 Rd5 37. Kc3 Kb8 38. Kc4 b5+ 39. Kc3 Kc7 40. Rxd5 Nxd5+ 41. Kd4 Nf6 42. Ke5 Ng4+ 43. Kxe4 Nxf2+ 44. Kf5 Kd6 45. Kg6 Nh1 46. g4 Nf2 47. g5 hxg5 48. Kxg5 Nd1 49. Kg6 Ne3 50. c3 Nd1 51. c4 bxc4 52. bxc4 Kc5 53. Kxg7 Kxc4 54. Kf6 Nc3 55. a3 Kb3 56. Ke5 Kxa3 57. Kd4 Kb4 58. Kd3 Kb3 59. Kd2 Kb2 60. Kd3 a5 61. Kc4 a4 62. Kd3 a3 0-1

[Event "Olsztyn op"]
[Site "Olsztyn"]
[Date "2010.02.02"]
[Round "4"]
[White "Cichocka, Urszula"]
[Black "Suliborski, Artur"]
[Result "1/2-1/2"]
[WhiteElo "1618"]
[BlackElo "1725"]
[PlyCount "68"]
[EventDate "2010.02.01"]
[EventType "swiss"]
[EventRounds "9"]
[EventCountry "POL"]
[SourceTitle "CBM 134 Extra"]
[Source "ChessBase"]
[SourceDate "2010.03.03"]
[SourceVersion "1"]
[SourceVersionDate "2010.03.03"]
[SourceQuality "1"]

1. e4 e6 2. d4 d5 3. exd5 exd5 4. Nf3 Bd6 5. Bd3 Nf6 6. Bg5 Nc6 7. 0-0 0-0 8. c3 h6 9. Bh4 Bg4 10. Nbd2 g5 11. Bg3 Re8 12. Qc2 Bxf3 13. Nxf3 Ne4 14. Rae1 f5 15. Bxd6 cxd6 16. Nd2 Rc8 17. Qd1 Qf6 18. f3 Nxd2 19. Qxd2 Kf7 20. Bb1 a6 21. Qd3 f4 22. Qh7+ Kf8 23. Bg6 Rxe1 24. Rxe1 Qg7 25. Qxg7+ Kxg7 26. Bf5 Rf8 27. Be6 Ne7 28. Bg4 Rf7 29. Re6 Nc8 30. Re8 Nb6 31. Be6 Rc7 32. Rg8+ Kf6 33. Bg4 Nc4 34. Rd8 Rc6 1/2-1/2

[Event "Olsztyn op"]
[Site "Olsztyn"]
[Date "2010.02.01"]
[Round "2"]
[White "Cichocka, Urszula"]
[Black "Renkowski, Piotr"]
[Result "0-1"]
[WhiteElo "1618"]
[BlackElo "1826"]
[PlyCount "100"]
[EventDate "2010.02.01"]
[EventType "swiss"]
[EventRounds "9"]
[EventCountry "POL"]
[SourceTitle "CBM 134 Extra"]
[Source "ChessBase"]
[SourceDate "2010.03.03"]
[SourceVersion "1"]
[SourceVersionDate "2010.03.03"]
[SourceQuality "1"]

1. e4 e6 2. d4 d5 3. e5 c5 4. c3 Nc6 5. Nf3 Qb6 6. Bd3 cxd4 7. cxd4 Bd7 8. Be2 f6 9. 0-0 fxe5 10. dxe5 Bc5 11. Nc3 Nd4 12. Nxd4 Bxd4 13. Bd3 Ne7 14. Qg4 g6 15. Qg5 Rf8 16. Be3 Bxe3 17. fxe3 Rxf1+ 18. Rxf1 0-0-0 19. b3 Nc6 20. Na4 Qc7 21. Rc1 Kb8 22. b4 Qxe5 23. Qxe5+ Nxe5 24. Nc5 Nxd3 25. Nxd3 Rc8 26. Nc5 Bb5 27. Rd1 Re8 28. a4 Bc4 29. e4 Kc7 30. e5 b6 31. Nd3 Bxd3 32. Rxd3 Rf8 33. g3 Kd7 34. Kg2 Rc8 35. Rf3 Ke7 36. Rf4 a6 37. Kf3 Rc3+ 38. Kg4 Rc4 39. Kf3 g5 40. Rg4 h6 41. Rxc4 dxc4 42. b5 axb5 43. axb5 h5 44. Ke3 Kf7 45. h3 g4 46. hxg4 Kg6 47. gxh5+ Kxh5 48. Kd4 Kg4 49. Kxc4 Kxg3 50. Kd4 Kf4 0-1